000 00845cab a2200205 4500
001 ##L133952
008 060623n2006 000 0 eng u
035 _a(Sirsi) u133952
041 0 _aeng
100 1 _aBrownrigg, Scott
245 0 0 _aChecklist
_bhousing
260 _c2006
490 0 _aBuilding
_v271(8435) 16 June 2006, 73-74(2)
520 _aProvides a brief checklist for apartment block specifiers. Gives guidance on key areas of consideration including fire protection, structure, services, ventilation, security, circulation, maintenance, neighbouring properties, and procurement. Also contains list of main suppliers of housing specifications.
590 _aIKA040706
651 4 _aUnited Kingdom
_y
690 _aBUILT ENVIRONMENT-BUILDING ELEMENTS-COMPLETE BUILDING ELEMENTS
710 2 _aBarbour Index
_92548
942 _n0
999 _c77281
_d77281